| 000 | 00715pam a2200217 a 4500 | ||
|---|---|---|---|
| 999 |
_c108815 _d108815 |
||
| 001 | 4978991 | ||
| 005 | 20181119113449.0 | ||
| 008 | 980223s1999 nyua b 001 0 eng | ||
| 020 | _a0471163864 (hardcover : alk. paper) | ||
| 040 | _cPK-LaUMT | ||
| 082 | 0 | 0 |
_a519.502457 _221 _bDAN-B |
| 100 | 1 | _aDaniel, Wayne W. | |
| 245 | 1 | 0 |
_aBiostatistics : _ba foundation for analysis in the health sciences / _cWayne W. Daniel |
| 250 | _a7th ed. | ||
| 260 |
_aNew York : _bJohn Wiley, _c1999 |
||
| 300 |
_axiv, 755, [152] p. : _bill. ; _c25 cm. |
||
| 490 | 1 | _aWiley series in probability and statistics. Applied probability and statistics section | |
| 650 | 0 | _aMedical statistics. | |
| 650 | 0 | _aBiometry. | |
| 942 | _cBK | ||